[Event "Chip 2004 Open Fide"]
[Site "?"]
[Date "????.??.??"]
[Round "9"]
[White "Goldsztejn, G."]
[Black "Bitalzadeh, A."]
[Result "1-0"]
[WhiteElo "2303"]
[BlackElo "2291"]
[PlyCount "127"]
[SourceDate "2004.07.04"]

1. d4 Nf6 2. c4 e6 3. Nc3 Bb4 4. Qc2 c5 5. dxc5 O-O 6. Nf3 Bxc5 7. e3 b6 8. Be2
Bb7 9. a3 Be7 10. O-O a6 11. b4 Qc7 12. Bb2 Ng4 13. Ne4 d5 14. Qc3 Nf6 15. cxd5
Qxc3 16. Nxc3 Nxd5 17. Nxd5 Bxd5 18. Rac1 Nd7 19. Rc7 Bf6 20. Bxf6 Nxf6 21.
Rfc1 b5 22. Ne5 a5 23. f3 axb4 24. axb4 Ne8 25. Re7 Nd6 26. e4 Bc4 27. Nxc4
Nxc4 28. Rb7 Rab8 29. Rxb8 Rxb8 30. Bxc4 Rc8 31. Kf2 bxc4 32. Ke3 Kf8 33. Rc2
e5 34. Kd2 Ke7 35. Kc3 g6 36. b5 Ra8 37. Kxc4 Kd6 38. Rd2+ Kc7 39. Kc5 Ra5 40.
Rb2 f6 41. Kb4 Ra1 42. Rc2+ Kb7 43. Rc6 Ra2 44. Rxf6 Rxg2 45. Rf7+ Kb6 46. Rxh7
Rf2 47. Rf7 g5 48. Rf6+ Kb7 49. Rf5 Rxh2 50. Rxg5 Rf2 51. Rf5 Kb6 52. Rf6+ Kc7
53. Kc5 Kd7 54. Kd5 Rb2 55. Kxe5 Rxb5+ 56. Kf4 Rb1 57. Kf5 Ke7 58. f4 Rh1 59.
e5 Rh5+ 60. Ke4 Rh1 61. Ra6 Rh4 62. Ra7+ Ke6 63. Rg7 Rh5 64. f5+ 1-0

[Event "Chip 2004 Open Fide"]
[Site "?"]
[Date "????.??.??"]
[Round "9"]
[White "Renaudin, M."]
[Black "Gollain, M."]
[Result "0-1"]
[WhiteElo "2205"]
[BlackElo "2177"]
[PlyCount "62"]
[SourceDate "2004.07.04"]

1. Nf3 d5 2. c4 c6 3. e3 Nf6 4. d4 Bg4 5. Nbd2 Nbd7 6. Qc2 e6 7. Bd3 Bd6 8. Rb1
O-O 9. b4 Re8 10. O-O e5 11. dxe5 Nxe5 12. Nxe5 Rxe5 13. h3 Bxh3 14. f4 Rh5 15.
gxh3 Qd7 16. Nf3 dxc4 17. Bxc4 Rxh3 18. Kf2 Qg4 19. Ke2 Re8 20. Bd3 Nd5 21. Bf5
Qg2+ 22. Rf2 Nxf4+ 23. Kd1 Rh1+ 24. Ne1 Qd5+ 25. Bd2 Rxe3 26. Kc1 Rexe1+ 27.
Bxe1 Rxe1+ 28. Kb2 Qd4+ 29. Ka3 Re3+ 30. Rb3 Bxb4+ 31. Ka4 b5# 0-1